| 000 -LEADER |
| fixed length control field |
00628nam a22001337a 4500 |
| 040 ## - CATALOGING SOURCE |
| Transcribing agency |
RUA |
| 082 ## - DEWEY DECIMAL CLASSIFICATION NUMBER |
| Classification number |
LMA RIC 2024 B1-397 Or.1 |
| 100 ## - MAIN ENTRY--AUTHOR NAME |
| Personal name |
RICH VISETH រិច វិសិដ្ឋ |
| 245 ## - TITLE STATEMENT |
| Title |
STUDY ON LAND USE PLANNING FOCUS ROAD INFRASTRUCTURE IN SANGKAT CHREAV, SIEM REAP CITY, SEAM REAP PROVINCE សិក្សាពីការរៀបចំផែនការប្រើប្រាស់ដីធ្លីដោយផ្តោត |
| 260 ## - PUBLICATION, DISTRIBUTION, ETC. (IMPRINT) |
| Place of publication |
RUA |
| Name of publisher |
PHNOM PENH |
| Year of publication |
2024 |
| 300 ## - PHYSICAL DESCRIPTION |
| Number of Pages |
x |
| Other physical details |
ill |
| Dimensions |
29cm |
| 856 ## - ELECTRONIC LOCATION AND ACCESS |
| Uniform Resource Identifier |
https://drive.google.com/file/d/1y8I77PvbEqls1pyaWgN56aY-oDa3_rCQ/view?usp=sharing |
| 942 ## - ADDED ENTRY ELEMENTS (KOHA) |
| Koha item type |
LMA |
| 952 ## - LOCATION AND ITEM INFORMATION (KOHA) |
| Withdrawn status [LOCAL, KOHA] |
0 |
| 952 ## - LOCATION AND ITEM INFORMATION (KOHA) |
| Withdrawn status [LOCAL, KOHA] |
0 |